000 02151njm a2200361Ia 4500
001 25555
003 IT-RoPAU
005 20220918181124.0
008 131025s9999 xx 000 0 und d
040 _aIT-RoPAU
040 _cIT-RoPAU
999 _c100033
_d100033
999 _bNO
100 _aAA.VV.
_9794
100 _eAutore musica
_911923
100 _gCodice autore musica SPICS: 12000
_9796
245 _aMusiche natalizie per organo
250 _a1a ed.
260 _aVARESE
260 _bARION - DUCALE
_c1975 [1a Ed.:1975]
300 _aDISCO
300 _c39 minuti (Testo: pag.)
500 _aMusica strumentale. Natale, Noels. Composizioni poetico-musicali ispirate al Natale
505 _aLes bourgeoises de chatre (2:00) - Je me suis levé (2:00) - Fanne coraige, le diable a mor (2:00) - Que tu gro jan quei folie (3:00) - Divine princesse (2:00) - Votre bonté grand Dieu (6:00) - Laissez paistre vos bestes (8:00) - Chanton de voix hautaine (5:00) - Noel poitevin(2:00) - Les cloches (3:00) - Joseph est bien Marié (2:00) - Noel XII detto Noel Suisse (5:00) - Mes bonnes gens, attendez-moi (2:00)
650 _aRELIGIOSO [DISCHI]
_eCodice MATERIA SPICS: 9950
_9791
700 _aLe Begue Nicolas
_dCodice autore musica SPICS: 8106
_eAutore musica
_pLes bourgeoises de chatre - Les cloches
_911924
700 _aDornel Antoine
_dCodice autore musica SPICS: 10197
_eAutore musica
_pJe me suis levé
_911925
700 _aBalbastre Claude
_dCodice autore musica SPICS: 15791
_eAutore musica
_pFanne coraige, le diable a mor - Que tu gro jan quei folie - Divine princesse - Votre bonté grand Dieu
_911926
700 _aDandrien Pierre
_dCodice autore musica SPICS: 15792
_eAutore musica
_pLaissez paistre vos bestes - Chanton de voix hautaine - Noel poitevin
_911927
700 _aCharpentier Marc-Antoine
_dCodice autore musica SPICS: 10663
_eAutore musica
_pJoseph est bien Marié
_911928
700 _aDaquin Louis Claude
_dCodice autore musica SPICS: 15793
_eAutore musica
_pNoel XII detto Noel Suisse
_911929
700 _aLasceux Guillaume
_dCodice autore musica SPICS: 15794
_eAutore musica
_pMes bonnes gens, attendez-moi
_911930
942 _cMD
_2ddc